00305pab a2200121 454500008004000000100001900040245004100059260000900100300001000109362000900119650002900128773002600157180718b1989 xxu||||| |||| 00| 0 eng d aIngle, Stephen aChange politics and the party system c1989 a23-36 aJan. aPolitical Parties - U.K. aParliamentary Affairs